| 000 | 00970cam a2200277 a 4500 | ||
|---|---|---|---|
| 999 |
_c6489 _d6489 |
||
| 001 | 3823157 | ||
| 003 | OSt | ||
| 005 | 20200128113207.0 | ||
| 008 | 860311s1987 enka b 001 0 eng | ||
| 010 | _a 86006830 | ||
| 020 | _a0521318459 (pbk.) | ||
| 040 |
_aDLC _cDLC _dDLC |
||
| 082 | 0 | 0 |
_a530.1 _219 _bHEY 1987 |
| 100 | 1 |
_aHey, Tony. _911665 |
|
| 245 | 1 | 4 |
_aThe quantum universe / _cTony Hey, Patrick Walters. |
| 260 |
_aCambridge [Cambridgeshire] ; _aNew York : _bCambridge University Press, _c1987. |
||
| 300 |
_avii, 180 p. : _bcol.ill ; _c27 cm. |
||
| 500 | _aIncludes indexes. | ||
| 504 | _aBibliography: p. 175. | ||
| 650 | 0 |
_aQuantum theory. _94791 |
|
| 700 | 1 |
_aWalters, Patrick, _d1949- _98055 |
|
| 856 | 4 | 2 |
_3Publisher description _uhttp://www.loc.gov/catdir/description/cam023/86006830.html |
| 856 | 4 | 1 |
_3Table of contents _uhttp://www.loc.gov/catdir/toc/cam028/86006830.html |
| 906 |
_a7 _bcbc _corignew _d1 _eocip _f19 _gy-gencatlg |
||
| 942 |
_2ddc _cO_SHELF |
||